000
00279nam a22001097a 4500
008
160623b xxu||||| |||| 00| 0 eng d
100
_9
657
_a
Tirkey, B
245
_a
The Smiling Uraon
260
_a
Patne
_b
Navjyoti Niketan
_c
1989
300
_a
The Smiling Uraon
942
_2
ddc
_c
BK
999
_c
536
_d
536